Top 10 Goal Scorers in Football History - Statistics

General Stats
  • This quiz has been taken 43 times
  • The average score is 7 of 10
Answer Stats
Place Naitonality Goals Player % Correct
2 Portugal 788 Cristiano Ronaldo
100%
5 Argentina 757 Lionel Messi
100%
4 Brazil 775 Pele
98%
7 Germany 735 Gerd Muller
95%
6 Hungary 746 Ferenc Puskas
90%
8 Portugal 623 Eusebio
78%
3 Brazil 780 Romario
73%
1 Czech Republic 805 Josef Bican
32%
10 Hungary 576 Ferenc Deak
5%
9 Brazil 588 Tulio Maravilha
5%
No matching quizzes found
Score Distribution
Percent of People with Each Score
Percentile by Number Answered
Your Score History
You have not taken this quiz